The glorious quran (Record no. 550378)
[ view plain ]
| 000 -LEADER | |
|---|---|
| fixed length control field | 00454nam a22001457a 4500 |
| 082 ## - DEWEY DECIMAL CLASSIFICATION NUMBER | |
| Classification number | 297.1225521 |
| Author Mark | QAR |
| -- | L-31, P-131 |
| 100 ## - MAIN ENTRY--PERSONAL NAME | |
| Personal name | Begum aisha baani waqf. |
| 9 (RLIN) | 47080 |
| 245 ## - TITLE STATEMENT | |
| Title | The glorious quran |
| Statement of responsibility, etc. | Begum aisha baani waqf. Pickthall |
| 260 ## - PUBLICATION, DISTRIBUTION, ETC. | |
| Place of publication, distribution, etc. | Karachi. |
| Name of publisher, distributor, etc. | Mashhoor offset press. |
| 300 ## - PHYSICAL DESCRIPTION | |
| Extent | 767 p. |
| Other physical details | ill. |
| Dimensions | 26 cm. |
| 526 ## - STUDY PROGRAM INFORMATION NOTE | |
| Program name | 0 |
| Interest level | 0 |
| Reading level | 0 |
| Title point value | 297_122552100000000_QAR |
| 526 ## - STUDY PROGRAM INFORMATION NOTE | |
| Program name | 0 |
| Interest level | 0 |
| Reading level | 0 |
| Title point value | 297_122552100000000_QAR |
| 650 ## - SUBJECT ADDED ENTRY--TOPICAL TERM | |
| Topical term or geographic name entry element | MCE |
| 9 (RLIN) | 379 |
| 942 ## - ADDED ENTRY ELEMENTS (KOHA) | |
| Source of classification or shelving scheme | |
| Koha item type | Book |
| Withdrawn status | Lost status | Source of classification or shelving scheme | Damaged status | Not for loan | Permanent Location | Current Location | Date acquired | Total Checkouts | Full call number | Barcode | Date last seen | Price effective from | Koha item type |
|---|---|---|---|---|---|---|---|---|---|---|---|---|---|
| Military College of Engineering (MCE) | Military College of Engineering (MCE) | 11/06/2014 | 297.1225521 QAR | MCE-5532 | 11/06/2014 | 11/06/2014 | Book | ||||||
| Military College of Engineering (MCE) | Military College of Engineering (MCE) | 11/06/2014 | 297.1225521 QAR | MCE-5531-A | 11/06/2014 | 11/06/2014 | Book |
